000 00583nam a2200205 a 4500
001 2925
005 20221127090627.0
008 121007s lxxua | 00100 eng d
020 _a9780273766407(pbk) :
_cSR189.00
035 _a243
082 0 4 _a658.4032
_bT212 2013
100 1 _aTaylor, Bernard W.
245 1 0 _aIntroduction to management science /
_cBernard W. Taylor.
250 _a11th ed.
260 _aBoston, Mass. :
_bPearson,
_c2013.
300 _a840 p. :
_bill. ;
_c26 cm.
500 _aIncludes index.
650 4 _aManagement science.
650 4 _aOperations research.
999 _c2923
_d2923